000 00249nam a2200097Ia 4500
001 991716
005 20250826221335.0
008 250824s9999 xx 000 0 und d
245 0 _aKRAL KAYBEDERSE
_cGÜLSEREN BUDAYICIOĞLU
260 _bREMZİ KİTABEVİ
999 _c991716
_d991716